000 00465nam a22001817a 4500
003 OSt
008 251215b |||||||| |||| 00| 0 eng d
082 _a631.522
_bS66I
100 _aSrivastava, Abinash.
245 _aIsozyme Studies in Mung (Vigna radiata L. Wilczek.)
260 _a.- Pusa, Samastipur
_b: RAU
_c, 1987
300 _a48p.
650 _aPlant Breeding and Genetics
650 _aMung
650 _aThesis
650 _aM. Sc.
942 _2ddc
_cT
999 _c49423
_d49423